EL ESPACIO Y LA MIRADA

Salvato in:
Dettagli Bibliografici
Autore principale: Paris, Jean (autor)
Natura: Libro
Serie:ENSAYISTAS DE HOY No.51
Tags: Aggiungi Tag
Nessun Tag, puoi essere il primo ad aggiungerne!!

MARC

LEADER 00000nam^a2200000^a^4500
001 000205558
005 20250521000000.0
009 20260310103121.747
035 |a 031694 
037 |a Acervo Xavier Clavigero 
082 |a 740.  |b PAR 
100 |a Paris, Jean  |e (autor) 
245 1 3 |a EL ESPACIO Y LA MIRADA 
264 |a MADRID :  |b TAURUS,  |c 1967 
300 |a 379 p. :  |b retrs. 
336 |a texto  |b txt  |2 rdacontenido 
337 |a sin mediación  |b n  |2 rdamedio 
338 |a volumen  |b nc  |2 rdasoporte 
440 |a ENSAYISTAS DE HOY No.51 
649 |a XX 
910 |a Fondo General 
920 |a Impresos - Libros 
930 |a Colección General 
905 |a 101 
901 |a 031694  |b IT1  |c ACC  |i 031694  |u 20250521 
902 |a https://opac.biblio.iteso.mx/vufind/Record/000205558